Top 15 dei paesi con decessi Covid-19 - 20 maggio - Statistics

Statistiche generali
  • Questo quiz è stato fatto 5 volte
  • Il punteggio medio è 14 su 21
Statistiche sulle risposte
nazione % Corretto
Brasile
100%
Francia
100%
Germania
100%
Italia
100%
Spagna
100%
Stati Uniti
100%
Canada
80%
Cina
80%
Regno Unito
80%
Belgio
60%
Iran
60%
Paesi Bassi
60%
Svezia
60%
Svezia
60%
Svizzera
60%
Turchia
60%
Messico
40%
Portogallo
40%
Danimarca
20%
Irlanda
20%
Ecuador
0%
Nessun quiz corrispondente trovato
Distribuzione punteggi
Percentuale di utenti per punteggio
Percentile per numero di risposta
I tuoi punteggi nel tempo
Non hai fatto questo quiz